Statystyki dla Losowe państwa Europy na podstawie powierzchni - bez ułatwienia

Kliknij tutaj aby rozwiązać quiz!

Ogólne statystyki

  • Ten quiz został rozwiązany 21 razy
  • Średni wynik to 10 z 20

Statystyki odpowiedzi

PowierzchniaPaństwo% Poprawnych
505,9Hiszpania
100%
65,3Litwa
100%
0,0004Watykan
100%
302,1Włochy
88%
207,6Białoruś
80%
17125,0Rosja
80%
238,4Rumunia
75%
77,6Serbia
75%
312,7Polska
71%
0,5Andora
67%
45,3Estonia
67%
603,5Ukraina
67%
0,06San Marino
63%
28,7Albania
60%
13,9Czarnogóra
60%
0,2Liechtenstein
60%
0,3Malta
60%
385,2Norwegia
60%
447,4Szwecja
60%
242,5Wielka Brytania
60%
390,9Finlandia
50%
544,0Francja
50%
0,002Monako
50%
49,0Słowacja
50%
93,0Węgry
50%
41,3Szwajcaria
43%
41,9Holandia (Niderlandy)
40%
30,7Belgia
33%
51,2Bośnia i Hercegowina
33%
132,0Grecja
33%
33,8Mołdawia
33%
92,2Portugalia
29%
78,9Czechy
25%
103,0Islandia
25%
10,9Kosowo
25%
2,6Luksemburg
25%
25,7Macedonia Północna
25%
83,9Austria
20%
56,6Chorwacja
20%
357,1Niemcy
20%
110,4Bułgaria
17%
70,3Irlandia
17%
42,9Dania
0%
64,6Łotwa
0%
20,3Słowenia
0%

Rozkład punktacji

Percentyl według liczby udzielonych odpowiedzi

Procent ludzi z każdym wynikiem

Twoja historia wyników

Nie rozwiązałeś tego quizu